| 000 | nam a22 a 4500 | ||
|---|---|---|---|
| 999 |
_c793 _d793 |
||
| 003 | BLK | ||
| 005 | 20230523140914.0 | ||
| 008 | 180412b bul|||||r ||||||| ||bul|| | ||
| 010 | _aKNG00001395000 | ||
| 020 | _a954-8181-43-6 | ||
| 040 | _aBLK | ||
| 041 |
_aBUL _cBUL |
||
| 080 |
_aАмериканска литература (на САЩ) _b821.111(73) _x-31 _z821.111(73)-31 |
||
| 100 | 1 |
_aАлън, Шарлот Вейл _eпърви автор _9243040 |
|
| 139 |
_aАлън, Шарлот Вейл _bА 59 |
||
| 245 | 1 | 0 |
_aЦветни сънища _bРоман _cШарлот Вейл Алън; прев. от англ. Екатерина Ялнъзова. |
| 257 | _aUSA | ||
| 260 |
_aВарна _bКомпас _c1994 _fВ. Търново : Абагар |
||
| 300 |
_a476 с. _c20 см |
||
| 380 | _aX | ||
| 490 |
_aРоманите на розата _9201881 |
||
| 500 | _aОриг. загл. Dreaming in Color / Charlotte Vale Allen. - Офс. изд. | ||
| 653 | _aромантична проза | ||
| 700 | 1 |
_aЯлнъзова, Екатерина _eпрев. от англ. _9243041 |
|
| 852 |
_aЦб 175804 _bЦб |
||
| 856 | 4 |
_qpdf _u _i0.00 _ldisable |
|
| 856 | 4 |
_qpdf _u _i0.00 _ldisable |
|
| 942 |
_cKNG _n0 _09 _s1 |
||
| 944 |
_aCR _c15.01.2003 _kНаталия_Медовщикова |
||
| 944 |
_aED _c18.06.2013 |
||
| 999 | _d793 | ||